00948nam a2200169Ia 4500008004100000041001200041082001500053245003400068260000900102650000900111942000700120999001500127952015900142952015900301952015900460952015900619221030s9999 xx 000 0 und d aEnglish a105.23bBE 0aPower System AnalysisbFLOPPY c2006 aBook cCD c2821d2821 pFloppy 8221l0o105.23 BEr2022-10-30 00:00:00w2022-10-30yCD003Soft Copy4070aMIETLIBbMIETLIBcBL-First, FL-1, CUP-21, SH-0, R-0d2007-04-2610HBE pFloppy 8220l0o105.23 BEr2022-10-30 00:00:00w2022-10-30yCD003Soft Copy4070aMIETLIBbMIETLIBcBL-First, FL-1, CUP-21, SH-0, R-0d2007-04-2610HBE pFloppy 8219l0o105.23 BEr2022-10-30 00:00:00w2022-10-30yCD003Soft Copy4070aMIETLIBbMIETLIBcBL-First, FL-1, CUP-21, SH-0, R-0d2007-04-2610HBE pFloppy 8218l0o105.23 BEr2022-10-30 00:00:00w2022-10-30yCD003Soft Copy4070aMIETLIBbMIETLIBcBL-First, FL-1, CUP-21, SH-0, R-0d2007-04-2710HBE